მოთხრობები. (ბიბ.ჩანაწერი № 48384)
[ მარტივი ფორმატი ]
| 000 -LEADER | |
|---|---|
| fixed length control field | 00435nam a2200145Ia 4500 |
| 001 - CONTROL NUMBER | |
| control field | 15272 |
| 003 - CONTROL NUMBER IDENTIFIER | |
| control field | GE_BSU |
| 008 - FIXED-LENGTH DATA ELEMENTS--GENERAL INFORMATION | |
| fixed length control field | 181216s||||||||xx |||||||||||||| ||und|| |
| 040 ## - CATALOGING SOURCE | |
| Transcribing agency | GE_BSU |
| 100 ## - MAIN ENTRY--PERSONAL NAME | |
| Personal name | შენგელაია,დემნა |
| 245 ## - TITLE STATEMENT | |
| Title | მოთხრობები. |
| 245 ## - TITLE STATEMENT | |
| Statement of responsibility, etc. | რედ.ქ.თავაძე, მხატვ.ნ.ხონგელი |
| 653 ## - INDEX TERM--UNCONTROLLED | |
| Uncontrolled term | მოთხრობები. |
| 942 ## - ADDED ENTRY ELEMENTS (KOHA) | |
| Koha item type | წიგნი |
არაა ხელმისაწვდომი ეგზემპლარები.
